Vplyv in-store marketingu na spotrebiteľské správanie diplomová práca

Enregistré dans:
Détails bibliographiques
Auteur principal: Piačeková, Alexandra
Collectivité auteur: Obchodná fakulta EU. Katedra marketingu
Autres auteurs: Žák, Štefan, 1971-
Format: Livre
Langue:slovaque
Publié: Bratislava 2024
Tags: Ajouter un tag
Pas de tags, Soyez le premier à ajouter un tag!

MARC

LEADER 00000nbm a2200000 4500
001 0302125
005 20250704213937.5
041 0 |a slo 
044 |a SK 
245 1 0 |a Vplyv in-store marketingu na spotrebiteľské správanie  |b diplomová práca  |c Alexandra Piačeková ; školiteľ: Štefan Žák 
264 1 |a Bratislava  |c 2024 
300 |a 78 s. 
100 1 |a Piačeková, Alexandra 
700 1 |a Žák, Štefan, 1971- 
710 2 |a Obchodná fakulta EU. Katedra marketingu